000 00976cam a2200265 i 4500
001 53899
003 Mx-PuUPA
005 20220707104337.0
008 140415s2006 mx a gr 000 0 spa d
040 _aMx-PuUPA
_bspa
_cMx-PuUPA
_dMx-PuUPA
_erda
041 0 _aspa
245 0 0 _aPuerto Vallarta ... para todos /
_ccoordinador de la edición, Luis Alejandro Cerda Acuña
264 1 _aTepic Nayarit :
_bGrupo Editorial Expresión e Imagen,
_c2006
300 _a184 páginas :
_bilustraciones ;
_c31 cm
336 _2rdacontent
_atexto
_btxt
337 _2rdamedia
_asin medio
_bn
338 _2rdacarrier
_avolumen
_bnc
650 1 7 _2armarc
_aTurismo
_xPuerto Vallarta
_xMéxico
650 1 7 _2armarc
_aEconomía
_zPuerto Vallarta
_zMéxico
650 1 7 _aComercio
_zPuerto Vallarta
_zMéxico
700 1 _aCerda Acuña, Luis Alejandro,
_ecoordinador
_912900
942 _2ddc
_cLI
_h338.47917235
_iP9773
999 _c53899
_d53899